Lateinische Grammatik (Record no. 148225)
[ view plain ]
| 000 -LEADER | |
|---|---|
| campo de control de longitud fija | 00727nam a2200217 4500 |
| 001 - NÚMERO DE CONTROL | |
| campo de control | 148225 |
| 003 - IDENTIFICADOR DE NÚMERO DE CONTROL | |
| campo de control | ES-MaACL |
| 005 - FECHA Y HORA DE LA ÚLTIMA TRANSACCIÓN | |
| campo de control | 20260201174912.0 |
| 007 - CAMPO FIJO DE DESCRIPCIÓN FÍSICA--INFORMACIÓN GENERAL | |
| campo de control de longitud fija | t| |
| 008 - DATOS DE LONGITUD FIJA--INFORMACIÓN GENERAL | |
| campo de control de longitud fija | 070214s1910 gw r ||||1| ger d |
| 100 1# - ENTRADA PRINCIPAL--NOMBRE DE PERSONA | |
| Nombre de persona | Stolz, Friedrich. |
| 9 (RLIN) | 108298 |
| 245 10 - MENCIÓN DEL TÍTULO | |
| Título | Lateinische Grammatik |
| Resto del título | : Laut und Formenlehre : Syntax und Stilistik / |
| Mención de responsabilidad, etc. | von Friedrich Stolz und J. H. Schmalz. |
| 250 ## - MENCION DE EDICION | |
| Mención de edición | 4 Aufl. |
| 260 ## - PUBLICACIÓN, DISTRIBUCIÓN, ETC. | |
| Lugar de publicación, distribución, etc. | München : |
| Nombre del editor, distribuidor, etc. | Oskar Beck, |
| Fecha de publicación, distribución, etc. | 1910. |
| 300 ## - DESCRIPCIÓN FÍSICA | |
| Extensión | 779 p. ; |
| Dimensiones | 25 cm. |
| 490 1# - MENCIÓN DE SERIE | |
| Mención de serie | Handbuch der Klassischen Altertums-Wissenschaft ; |
| Designación de volumen o secuencia | II-2 |
| 700 1# - ENTRADA AGREGADA--NOMBRE PERSONAL | |
| Nombre de persona | Schmalz, J. H. |
| 9 (RLIN) | 104444 |
| 830 0# - PUNTO DE ACCESO ADICIONAL DE SERIE-TÍTULO UNIFORME | |
| Título uniforme | Handbuch der Klassischen Altertums-Wissenschaft |
| Designación de volumen o secuencia | II-2 |
| 9 (RLIN) | 187502 |
| 852 ## - LOCALIZACIÓN | |
| Ubicación | ES-MaACL |
| Número de control de estantería | F-15187 |
| Estatus retirado | Estado de pérdida | Estado de daño | No para préstamo | Biblioteca de origen | Biblioteca actual | Ubicación en estantería | Fecha de adquisición | Fuente de adquisición | Total de préstamos | Signatura topográfica completa | Código de barras | Visto por última vez | Precio de reemplazo | Tipo de ítem Koha |
|---|---|---|---|---|---|---|---|---|---|---|---|---|---|---|
| Biblioteca del Ateneo de Madrid | Biblioteca del Ateneo de Madrid | Sala Pecera Planta 2 | 17/01/2008 | F-15187 | 1154687 | 23/02/2023 | 23/02/2023 | Libro impreso |
